000 00300nam a2200121Ia 4500
008 220530s9999 xx 000 0 und d
040 _aeng
100 _aSARMUKADOM
_960553
245 _aBIOSTATISTICS
250 _aFIRST
260 _aNAGPUR
_bJAYPEE PUBLICATION,NAGPUR
_c2010
650 _aRESEARCH
_960554
999 _c2169
_d2169